|
|
|
|
| LEADER |
00000cam a2200000 4500 |
| 001 |
vtls012138895 |
| 003 |
SK-MaSNL |
| 005 |
20260425234146.0 |
| 008 |
220610s2018 xr hac g c 000 0 cze |
| 015 |
|
|
|a SNBZSA2023/07
|
| 020 |
|
|
|a 9788090737907
|q (viazané)
|
| 040 |
|
|
|a SNK
|b slo
|c SNK
|e rda
|
| 041 |
0 |
|
|a cze
|a slo
|
| 043 |
|
|
|a e-au---
|a e-hu---
|a e-xr---
|a e-xo---
|a e-cs---
|
| 044 |
|
|
|a xr
|c CZ
|
| 072 |
|
7 |
|a 328
|x Zastupiteľské orgány. Vlády. Politické systémy jednotlivých krajín
|2 konspekt
|
| 080 |
|
|
|a 328.1:342.53
|2 2011
|
| 080 |
|
|
|a (436+439)
|2 2011
|
| 080 |
|
|
|a (437.3)
|2 2011
|
| 080 |
|
|
|a (437.6)
|2 2011
|
| 080 |
|
|
|a (437)
|2 2011
|
| 080 |
|
|
|a (083.824)
|2 2011
|
| 080 |
|
|
|a (082.2)
|2 2011
|
| 100 |
1 |
|
|a Dvořáček, Petr,
|d 1983-
|4 aut
|9 1636458
|
| 245 |
1 |
0 |
|a Slavná Sněmovno!
|b osudové i všední události osmičkových roků ve světle sněmovních dokumentů
|c Petr Dvořáček, Martina Lustigová, Natália Petranská Rolková, Olga Šmejkalová, Ondřej Tikovský, Petr Valenta
|
| 246 |
1 |
|
|i Podnázov z CIP:
|a Osudové i všední události osmičkových roků ve světle sněmovních dokumentů
|
| 250 |
|
|
|a Vydání první
|
| 264 |
|
1 |
|a V Praze
|b Česká republika - Kancelář Poslanecké sněmovny
|c 2018
|
| 300 |
|
|
|a 155 strán
|b faksimile, fotografie, ilustrácie (niektoré farebné), portréty
|c 22 x 27 cm
|
| 336 |
|
|
|a text
|b txt
|2 rdacontent
|
| 336 |
|
|
|a statický obraz
|b sti
|2 rdacontent
|
| 337 |
|
|
|a bez média
|b n
|2 rdamedia
|
| 338 |
|
|
|a zväzok
|b nc
|2 rdacarrier
|
| 500 |
|
|
|a Vydané pri príležitosti 100. výročia od vzniku Československa
|
| 500 |
|
|
|a Obsahuje zoznam zobrazených dokumentov
|
| 648 |
|
7 |
|a 1918-1938
|2 SNKPH
|9 280690
|
| 648 |
|
7 |
|a 1938-1939
|2 SNKPH
|9 276847
|
| 648 |
|
7 |
|a 1948
|2 SNKPH
|9 282113
|
| 648 |
|
7 |
|a 1968
|2 SNKPH
|9 297881
|
| 650 |
0 |
7 |
|a parlament
|2 SNKPH
|9 4811
|
| 650 |
0 |
7 |
|a Parliament
|2 SNKPHeng
|9 275353
|
| 651 |
|
7 |
|a Rakúsko-Uhorsko
|2 SNKPHgeo
|9 36860
|
| 651 |
|
7 |
|a Austro-Hungarian Monarchy
|2 SNKPHeng
|9 283186
|
| 651 |
|
7 |
|a Česko
|2 SNKPHgeo
|9 16753
|
| 651 |
|
7 |
|a Czechia
|2 SNKPHeng
|9 170107
|
| 651 |
|
7 |
|a Slovensko
|2 SNKPHgeo
|9 14231
|
| 651 |
|
7 |
|a Slovakia
|2 SNKPHeng
|9 92630
|
| 651 |
|
7 |
|a Československo
|2 SNKPHgeo
|9 21376
|
| 651 |
|
7 |
|a Czechoslovakia
|2 SNKPHeng
|9 265183
|
| 655 |
|
7 |
|a katalógy výstav
|2 SNKPH
|9 70445
|
| 655 |
|
7 |
|a jubilejné publikácie
|2 SNKPH
|9 70339
|
| 655 |
|
7 |
|a Exhibition catalogs
|2 SNKPHeng
|9 266232
|
| 655 |
|
7 |
|a Jubilee books
|2 SNKPHeng
|9 281827
|
| 700 |
1 |
|
|a Lustigová, Martina,
|d 1978-
|4 aut
|9 110859
|
| 700 |
1 |
|
|a Petranská Rolková, Natália,
|d 1978-
|4 aut
|9 173045
|
| 700 |
1 |
|
|a Šmejkalová, Olga,
|d 1979-
|4 aut
|9 181044
|
| 700 |
1 |
|
|a Valenta, Petr,
|d 1979-
|4 aut
|9 369700
|
| 700 |
1 |
|
|a Tikovský, Ondřej,
|d 1977-
|4 aut
|9 221783
|
| 852 |
|
|
|a Slovenská národná knižnica
|
| 919 |
|
|
|a 978-80-907379-0-7
|
| 954 |
|
|
|a odborná, vedecká literatúra cudzojazyčná (svetová)
|2 lita
|
| 958 |
|
|
|a ZS
|
| 999 |
|
|
|c 786201
|d 788131
|
| 952 |
|
|
|a SNK
|b SNK
|y PREZ
|7 0
|p 17A1526143
|o snkSC 201557
|i snk2023/4928
|8 2
|g 12.46
|0 0
|1 0
|4 0
|d 2022-06-10
|l 0
|r 2025-10-23 00:00:00
|w 2026-02-24
|
| 952 |
|
|
|a SNK
|b SNK
|y VYP
|7 0
|p 17A1526144
|o snkSC 201557 D1
|i snk2023/4929
|8 2
|0 0
|1 0
|4 0
|d 2023-03-22
|l 0
|r 2026-02-24 01:20:17
|w 2026-02-24
|